<?xml version="1.0" encoding="UTF-8"?>
<record
    xmlns:xsi="http://www.w3.org/2001/XMLSchema-instance"
    xsi:schemaLocation="http://www.loc.gov/MARC21/slim http://www.loc.gov/standards/marcxml/schema/MARC21slim.xsd"
    xmlns="http://www.loc.gov/MARC21/slim">

  <leader>00520nam a2200169Ia 4500</leader>
  <controlfield tag="008">260520s2024    xx            000 0 und d</controlfield>
  <datafield tag="020" ind1=" " ind2=" ">
    <subfield code="a">978-81-7434-745-9</subfield>
  </datafield>
  <datafield tag="041" ind1=" " ind2=" ">
    <subfield code="a">mar</subfield>
  </datafield>
  <datafield tag="082" ind1=" " ind2=" ">
    <subfield code="a">954.8/KHA</subfield>
  </datafield>
  <datafield tag="100" ind1=" " ind2=" ">
    <subfield code="a">&#x916;&#x921;&#x92A;&#x947;&#x915;&#x930;, &#x935;&#x93F;&#x928;&#x92F;&#x93E;</subfield>
  </datafield>
  <datafield tag="245" ind1=" " ind2=" ">
    <subfield code="a">&#x91C;&#x94D;&#x91E;&#x93E;&#x924; - &#x905;&#x91C;&#x94D;&#x91E;&#x93E;&#x924; &#x905;&#x939;&#x93F;&#x932;&#x94D;&#x92F;&#x93E;&#x92C;&#x93E;&#x908; &#x939;&#x94B;&#x933;&#x915;&#x930;</subfield>
  </datafield>
  <datafield tag="250" ind1=" " ind2=" ">
    <subfield code="a">8th ed</subfield>
  </datafield>
  <datafield tag="260" ind1=" " ind2=" ">
    <subfield code="a">&#x92A;&#x941;&#x923;&#x947;</subfield>
    <subfield code="b">&#x930;&#x93E;&#x91C;&#x939;&#x902;&#x938; &#x92A;&#x94D;&#x930;&#x915;&#x93E;&#x936;&#x928;</subfield>
    <subfield code="c">2024</subfield>
  </datafield>
  <datafield tag="300" ind1=" " ind2=" ">
    <subfield code="a">286p.</subfield>
  </datafield>
  <datafield tag="500" ind1=" " ind2=" ">
    <subfield code="a">Cat No: 14937</subfield>
  </datafield>
  <datafield tag="650" ind1=" " ind2=" ">
    <subfield code="a">HISTORY</subfield>
  </datafield>
  <datafield tag="999" ind1=" " ind2=" ">
    <subfield code="c">1221743</subfield>
    <subfield code="d">1221743</subfield>
  </datafield>
  <datafield tag="952" ind1=" " ind2=" ">
    <subfield code="0">0</subfield>
    <subfield code="1">0</subfield>
    <subfield code="4">0</subfield>
    <subfield code="7">0</subfield>
    <subfield code="8">C</subfield>
    <subfield code="a">PKS</subfield>
    <subfield code="b">PKS</subfield>
    <subfield code="c">2</subfield>
    <subfield code="d">2026-04-06</subfield>
    <subfield code="e">Bharati Madhyavarti Sahakari Grahak Bhandar, Pune (Best Book Supplier, Kolhapur)</subfield>
    <subfield code="g">400.00</subfield>
    <subfield code="l">0</subfield>
    <subfield code="o">954.8/KHA</subfield>
    <subfield code="p">PKS-25105</subfield>
    <subfield code="r">2026-05-20 00:00:00</subfield>
    <subfield code="w">2026-05-20</subfield>
    <subfield code="y">BK</subfield>
    <subfield code="z">General book section</subfield>
  </datafield>
</record>
